LEADER 01057cam0-22003011i-450 001 990005285870403321 005 20260317115651.0 010 $a88-222-3069-8 035 $a000528587 100 $a19990604d1982----km-y0itay50------ba 101 0 $amul 102 $aIT 105 $af-------101yy 200 1 $aScienze, credenze occulte, livelli di cultura$eConvegno Internazionale di Studi$e(Firenze, 26-30 giugno 1980)$fIstituto Nazionale di Studi sul Rinascimento$g[Charles Webster, Marco Ferrari, Paolo Galluzzi... et al.] 210 $aFirenze$cLeo S. Olschki$d1982 215 $aVI, 562 p., 19 tav.$d24 cm 676 $a306.699$v21$zita 702 1$aFerrari,$bMarco 702 1$aGalluzzi,$bPaolo 702 1$aWebster,$bCharles 710 02$aIstituto nazionale di studi sul Rinascimento$0189611 801 0$aIT$bUNINA$gRICA$2UNIMARC 901 $aBK 912 $a990005285870403321 952 $a306.69 CONV FIRENZE 1980$bST.REL. 2052$fFLFBC 959 $aFLFBC 996 $aScienze, credenze occulte, livelli di cultura$9537822 997 $aUNINA